000 00610nam a2200169 a 4500
001 000033057
005 20200930070012.0
008 090826s1961 dr 000 0 spa d
040 _aDO-SdBNP
_bspa
_cBNPHU
100 1 _aFont Bernard, R. A.
_917078
245 1 3 _aLa República Dominicana en la Organización Internacional del Trabajo /
_cR. A. Font Bernard.
250 _a2a ed.
260 _aCiudad Trujillo, República Dominicana :
_bArte y Cine,
_c1961.
300 _a267 p. ;
_c23 cm.
500 _aIncluye referencias bibliográficas y notas al pie de las páginas.
504 _aBibliografía : p. 266-267
999 _c32548
_d32548